01906nam a2200349 4500003000900000005001700009008004100026017001300067020001500080040004600095041000800141082002600149092000700175099003400182100006800216245018100284264006400465300002700529336002200556337002400578338003300602504006100635546009600696650004300792856005700835905001700892942001900909999001700928952017800945952017901123952025401302EG-GICUC20260121101042.0251025s1991 ua ||||fr|||| 00| 0 ara d a19911731 a9775749096 a EG-GICUCbarac EG-GICUCd EG-GICUCerda0 aara04221a341.8bع ب . ع04221 aLaw1 12 341.8 ع ب . ع 19910 aعبد الحكيم مصطفى عبد الرحمنeمؤلف.10aعقود التنمية الإقتصادية في القانون الدولي الخاص:bدراسة إنتقادية/cعبد الحكيم مصطفى عبد الرحمن. 1aجامعة القاهره:bمكتبة النصر،c1991 . a149؛صفحةc24 سم 2rda contentatext 2rda mediaaComputer 2rda carrieraOnline Resource aيحتوي على ارجاعات ببليوجرافية  aالنص أغلبه باللغة العربية مع بعض النصوص الفرنسية1 aالقانون الدولى الخاص40uhttps://fll.law.cu.edu.eg/fulltext/bks/B12-00304.pdf aRawan khaled 2ddcn0cBKe21 c37399d37399 00102ddc40718القانون الدولي الخاصaCUbLAW1d2025-10-25l0oLaw1 12 341.8 ع ب . ع 1991 1200304 C1pB12-00304r2025-10-25 16:42:41t1w2025-10-25yBK 00102ddc40708القانون الدولي الخاصaCUbLAW1d2025-10-25l0oLaw1 12 341.8 ع ب . ع 1991 1200305 C2pB12-00305r2025-10-25 16:43:09t2w2025-10-25yBK 00102ddc40708القانون الدولي الخاصaCUbLAW2d2026-04-25eإهداء مكتبة الأستاذ الدكتور صلاح عامر l0oLaw2 12 341.8 ع ب . ع 1991 1202932 C3pB12-02932r2026-04-25 12:48:50t3w2026-04-25yBK